<?xml version="1.0" encoding="UTF-8"?>
<record
    xmlns:xsi="http://www.w3.org/2001/XMLSchema-instance"
    xsi:schemaLocation="http://www.loc.gov/MARC21/slim http://www.loc.gov/standards/marcxml/schema/MARC21slim.xsd"
    xmlns="http://www.loc.gov/MARC21/slim">

  <leader>01617    a2200217   4500</leader>
  <controlfield tag="001">60396</controlfield>
  <controlfield tag="005">20260407155855.0</controlfield>
  <controlfield tag="008">260407a2003    arg                 spa d</controlfield>
  <controlfield tag="003">AR-UNSa-BCEJYS</controlfield>
  <datafield tag="040" ind1=" " ind2=" ">
    <subfield code="a">AR-UNSa-BCEJYS</subfield>
    <subfield code="b">spa</subfield>
    <subfield code="c">AR-UNSa-BCEJYS</subfield>
  </datafield>
  <datafield tag="080" ind1=" " ind2=" ">
    <subfield code="a">657</subfield>
    <subfield code="x">Contabilidad</subfield>
  </datafield>
  <datafield tag="245" ind1="1" ind2="0">
    <subfield code="a">El modelo contable</subfield>
    <subfield code="p">An&#xE1;lisis doctrinario del modelo de las Normas Contables Profesionales</subfield>
  </datafield>
  <datafield tag="250" ind1=" " ind2=" ">
    <subfield code="a">2a. ed.</subfield>
  </datafield>
  <datafield tag="264" ind1=" " ind2="1">
    <subfield code="a">San Miguel de Tucum&#xE1;n :</subfield>
    <subfield code="b">Ediciones El Graduado</subfield>
    <subfield code="c">2003</subfield>
  </datafield>
  <datafield tag="300" ind1=" " ind2=" ">
    <subfield code="a">305 p.</subfield>
    <subfield code="c">29 cm.</subfield>
  </datafield>
  <datafield tag="505" ind1=" " ind2=" ">
    <subfield code="a">1. Introducci&#xF3;n al estudio de los modelos contables - 2- El resultado a partir del concepto de capital a mantener - 3. La unidad de medida y el contexto - 4. La acci&#xF3;n de homegeneizaci&#xF3;n de las partidas - 5. Cuantificaci&#xF3;n del efecto producido por la perdida del poder adquisitivo de la moneda, sobre las partidas activas y pasivas - 6. La homegeneizaci&#xF3;n del patrimonio neto y resultados - 7. El proceso secuencial - 8. Las mediciones contables de activos y pasivos - 9. Los devengamientos generados por la utilizaci&#xF3;n de los criterios de medici&#xF3;n - 10. Los resultados por tenencia - 11. Un caso general: caso  "la novedad" - 12. Distintos modelos contables - 13. Determinaci&#xF3;n de los valores l&#xED;mites para los activos y pasivos - 14. Activos de costos financieros - 15. Reval&#xFA;os t&#xE9;cnicos - 16. Importancia de un estado de flujo de efectivo - 17. Un caso completo para elaborar el estado de flujo de efectivo - 18. Historia y actualidad del ajuste por inflaci&#xF3;n  </subfield>
  </datafield>
  <datafield tag="041" ind1=" " ind2=" ">
    <subfield code="a">spa</subfield>
  </datafield>
  <datafield tag="942" ind1=" " ind2=" ">
    <subfield code="c">BK</subfield>
  </datafield>
  <datafield tag="590" ind1=" " ind2=" ">
    <subfield code="a">niveau_biblio:m niveau_hierar:0</subfield>
  </datafield>
  <datafield tag="100" ind1="1" ind2=" ">
    <subfield code="a">Ostengo, H&#xE9;ctor Carlos</subfield>
  </datafield>
  <datafield tag="999" ind1=" " ind2=" ">
    <subfield code="c">6965</subfield>
    <subfield code="d">6965</subfield>
  </datafield>
  <datafield tag="952" ind1=" " ind2=" ">
    <subfield code="0">0</subfield>
    <subfield code="1">0</subfield>
    <subfield code="4">0</subfield>
    <subfield code="7">0</subfield>
    <subfield code="a">BCEJYS</subfield>
    <subfield code="b">BCEJYS</subfield>
    <subfield code="c">16</subfield>
    <subfield code="d">2026-04-07</subfield>
    <subfield code="l">0</subfield>
    <subfield code="o">657 O85o</subfield>
    <subfield code="p">L129152</subfield>
    <subfield code="r">2026-04-07 15:58:55</subfield>
    <subfield code="w">2026-04-07</subfield>
    <subfield code="y">L</subfield>
  </datafield>
</record>
